000 00843nam a2200253Ia 4500
003 OSt
005 20220927103617.0
006 a|||||r|||| 00| 0
007 ta
008 220926b |||||||| |||| 00| 0 eng d
024 _a70694
037 _cReference Collections
040 _aRTL
_cRTL
_beng
041 _2eng
_aeng
082 _a"X755:(Z,3), H9.64-1/UN"
110 _aInternational bank For Reconstruciton And Development
_9360477
245 0 _aGas production agreement
_b Gas pipeline project
260 _aNew
_bYork International Bank For Reconstruction And Development USA
_c1971
300 _a10p.
_ccm.
650 _aForeign Loan
_9360478
700 _aInternational bank For Reconstruciton And Development
_9360479
942 _h"X755:(Z,3), H9.64-1/UN"
_cCC
999 _c684285
_d684285